| 000 | 00755nam a22002177a 4500 | ||
|---|---|---|---|
| 999 |
_c11472 _d11472 |
||
| 003 | AR-CdUCM | ||
| 008 | 190404b ||||| |||| 00| 0 spa d | ||
| 040 |
_aMUNICIPALIDAD PROVINCIAL DEL CUSCO _cBIBLIOTECA MUNICIPAL DEL CUSCO |
||
| 082 |
_a868.949 / _bAM52T / 1944 |
||
| 100 |
_aAmado, Jorge _914245 |
||
| 245 | _aTierras del sin fin / | ||
| 260 |
_aMontevideo : _bPueblos Unidos, _c1944. |
||
| 300 |
_a322 páginas ; _c20 cm. |
||
| 505 | _aContenido: El barco -- La mata -- Gestación de ciudades -- El mar -- La lucha -- El progreso. | ||
| 650 |
_aNovelas brasileñas _914247 |
||
| 650 |
_aNovelas de trabajadores (Cacao) _928848 |
||
| 650 |
_aSiglo XX. _98 |
||
| 700 |
_aAlfaya, Carmen, (traductor) _928849 |
||
| 942 |
_2ddc _cLIBROS |
||
| 945 | _aacv | ||